00638nam a2200205Ia 450000500170000000800410001702000180005804000180007604100080009408200220010210000150012424500730013925000150021226000530022730000180028065000390029865000460033765000310038370000180041420220122115958.0210716s2005 xx 000 0 und d a9789390352814 cAIMIT LIBRARY aeng a332.12 228bGORE aGordon, E. aBanking: btheory law and practice /cby E. Gordon and K. Natarajan. a[28th ed.] aNew Delhi :bHimalaya Publishing House ,c2005 . a386p. ; 28cm. aNon-banking financial institutions aCommercial banks and economic development aModes of charging security aNatarajan, K.